000 00485nam a2200181Ia 4500
005 20250508154111.0
008 008 250505s9999 xx 000 0 eng d
037 _aTextual
040 _aFEDL
_beng
_cFEDL
041 _aeng
_2eng
084 _a791.4, SEL
_qFEDL
100 _aSeldes Gilbert
_9138237
245 0 _aPublic arts
260 _aNew York, USA
_bSimon and Schuster
_c1956
300 _aviii,303p
942 _cTEXL
_h791.4, SEL
999 _c1347625
_d1347625